Quizzes
Events
Quiz Creation
Community
Videos
Private Events
Remove Ads
Sign In
Join for FREE
Feedback
Dark Mode
Quiz Categories
Sports
Geography
Music
Movies
Television
Just For Fun
Miscellaneous
History
Literature
Language
Science
Gaming
Entertainment
Religion
Holiday
For Kids
Quiz Lab
Recent
Popular Today
Quiz Kudos Today
Editor Picks
Curator Picks
Quizzes by...
Day
Popularity
Type
Ratings
Length
Year
Community
Subscriptions
Recent Discussions
Orange Saloon
Badges
Playlists
Quests
Create
Leaderboards
Showdown
Live 5
Trivia Bingo
Activity
Puzzle Library
Sporcle Events
Private Events
Virtual Trivia
Globe League
Become a Host
Pub Owners
SporcleCon
Opinionation
Our Games
Videos
Blog
Mobile Apps
Partnerships
Remove Ads and Go Orange
Feedback
Literature
Harry Potter
A Song of Ice and Fire
The Hunger Games
Literary Character
Shakespeare
Book
Author
Novel
Poem
Young Adult
Children's Books
Play
Lord of the Rings
Literature
Harry Potter
A Song of Ice and Fire
The Hunger Games
Literary Character
Shakespeare
Book
Author
Novel
Poem
Young Adult
Children's Books
Play
Lord of the Rings
Random Quiz
Search Sporcle
×
Quiz Lab
Quiz Lab
Literature
Novel
Type in answers that appear in a list
Type in answers that appear in a list
Classic
Best Score? Go Orange.
Most Challenged Books of 2009 Stats
Can you name the Most Challenged Books of 2009?
By
Laura424
4m
10 Questions
41 Plays
41 Plays
41 Plays
Comments
Comments
Give Quiz Kudos
Give Quiz Kudos
-
- Ratings
hide this ad
More Info
Replay
Link that replays current quiz
Next Quiz
Link to next quiz in quiz playlist
You Got
0%
They Got
Avg Score
44%
Avg Friend Score
Upgrade to see
Score Distribution
Jump to the score distribution portion of the page
Score
0/10
Timer
04:00
0
Plays Today
Rank
Title
% Correct
6.
Catcher in the Rye
95.1%
4.
To Kill a Mockingbird
90.2%
5.
Twilight (series)
85.4%
9.
The Color Purple
63.4%
7.
My Sister's Keeper
41.5%
10.
The Chocolate War
26.8%
3.
The Perks of Being A Wallflower
19.5%
1.
TTYL; TTFN; L8R, G8R (series)
9.8%
2.
And Tango Makes Three
7.3%
8.
The Earth, My Butt, and Other Big, Round Things
7.3%
Quiz Playlist
Details
Report
Send in Message
Add To Playlist
More Info:
To read why each book was challenged, click on the link.
Classic:
Type in answers that appear in a list
Quiz Source
Last Updated: Feb 16, 2017
Quiz Scoreboard
CHALLENGE
Sign Up to Join the Scoreboard
Show All
Scores
Hide
Comments
May contain spoilers
Recently Published
Alphabetical 'K' Countries by Flag Minefield
by ylime102
Geography
3m
Pick 6: Fruits
by JohnFran
Miscellaneous
15s
Click the 1999 NBA Draft
by nibperrychub
Sports
2m
More to Explore
Quiz From the Vault
Featured Blog Post
15 Basketball Trivia Facts You Can Be March Mad About
hide this ad
You Might Also Like...
Tags
Author Quiz
Book Quiz
Novel Quiz
2009
challenge
Today's Top Quizzes in Literature
Browse Literature
hide this ad
Today's Top Quizzes in Novel
Browse Novel
Top Contributed Quizzes in Literature
1
4-to-1 Blitz: Harry Potter
2
Jane Eyre Character Quotes
3
Harry Potter Logic Quiz New
4
Percy Jackson Logic Puzzle (Hard!)
5
Pick 3: Harry Potter Hogwarts Quidditch Players
6
Keeper of the Lost Cities Logic Puzzle
7
Word Ladder: King's 'The Stand'
8
Cosmere Minesweeper
9
Literature Acrostic Puzzle
10
Pick 3: Dumbledore's Army
Explore More
Trending Topics
NBA
Disney
Anime
Marvel
Kpop
Harry Potter
Crossword
Song
Soccer
WWE
Country
NFL
Puzzle
Pokémon
The Office
hide this ad
More By:
Laura424
Quiz
Plays
Rating
Category
Featured
Created
Spanish Clothing Words
73
Language
Dec 9, 2010
Most Challenged Books of 2009
41
5.00
Literature
Jul 24, 2010
Go to Creator's Profile
Score Distribution
Quiz Creator Spotlight
Laura424
Follow
Send a Message
Quizzes Created
-
Created Quiz Play Count
-
More By This Creator
Popular Quizzes Today
1
Find the US States - No Outlines Minefield
2
Countries of Asia Without Outlines Minefield
3
Pick 6: Fruits
4
Alphabetical 'K' Countries by Flag Minefield
5
The Countries of the World
6
Click the 1999 NBA Draft
7
Find the US States
8
Match the Book to the Film X
More Literature Quizzes
Longest Answer: Shakespeare Tragedies
Published
Trending Quizzes
Pick 6: Harry Potter
Pick 6: Golfers
Pick 6: Movie Franchises
Pick 6: Foods
Pick 6: Landmarks
Recently Updated
Women's Final Four Teams by Year
bhenderson79
Presidents Quartet II
eogle
Anything But Clue(do)
eogle
Anything But Oceanian Capitals
eogle
Anything But 7
eogle
Anything But Thing
eogle
Word Ladder: February 29
pecheneg
Song Title Questions
pecheneg
Women's NCAA Tournament #1 Seeds
pecheneg
Celebrity Mug Shots
pecheneg
Trending Topics
Disney
Crossword
Anime
Kpop
NBA
Harry Potter
Marvel
NFL
Puzzle
The Office
Soccer
Pokémon
Song
Country
WWE
Your Account Isn't Verified!
In order to create a playlist on Sporcle, you need to verify the email address you used during registration. Go to your
Sporcle Settings
to finish the process.
Report this User
Report this user for behavior that violates our
Community Guidelines
.
Details:
Send Report
Go to the Sporcle.com Mobile Site →
Comments